MARC

LEADER 00000nam0a2200000 4500
001 226123
005 20260423172103.0
010 |b 3000 экз. 
035 |a (RuTPU)RU\TPU\book\246490 
090 |a 226123 
100 |a 20121119d1982 m y0rusy50 ca 
101 0 |a rus 
102 |a RU 
105 |a ac z 001zy 
200 1 |a Ленинские места Башкирии  |f Х. Ф. Усманов, Ю. А. Узиков, Г. Ф. Павлюченков 
205 |a 2-е изд., доп. 
210 |a Уфа  |c Башкирское книжное издательство  |d 1982 
215 |a 142 с.  |c ил., портр. 
225 1 |a Башкирская Лениниана 
300 |a На обл. авт. не указаны 
300 |a В суперобложке. 
320 |a Источники: с. 137-142. 
600 1 |a Ленин  |b В. И.  |c настоящая фамилия Ульянов  |c российский политический деятель  |f 1870-1924  |g Владимир Ильич  |2 stltpush  |3 (RuTPU)RU\TPU\pers\1074  |9 486 
606 |7 ca  |8 rus  |a Ленин В. И.  |x Увековечение памяти  |9 89251 
610 1 |a Россия 
610 1 |a история 
610 1 |a Башкирия 
610 1 |a лениниана 
610 1 |a ленинские места 
610 1 |a миниатюрные издания 
686 |a Т3(2)6-8Ленин358  |2 rubbk 
700 1 |a Усманов  |b Х. Ф.  |g Хамза Фатыхович 
701 1 |a Узиков  |b Ю. А.  |g Юрий Андреевич 
701 1 |a Павлюченков  |b Г. Ф.  |g Георгий Филиппович 
801 1 |a RU  |b 63413507  |c 20121119 
801 2 |a RU  |b 63413507  |c 20190905  |g RCR 
942 |c BK